Cachan - Choix multiples - Statistiques

Statistiques générales
  • Ce quiz a été pris 17 fois
  • Le résultat moyen est 7 sur 10
Statistiques - réponses
Question Réponse % Correct
Par quelle ligne des transports en commun franciliens Cachan est-elle desservie ?
93%
De quelle commune Cachan faisait-elle partie avant de s'en détacher en 1922 ? Arcueil
87%
Quelle grande école Cachan abrita-t-elle de 1956 à 2019, lui donnant même un temps son nom, avant de déménager à Saclay ? L'ENS
87%
Quel type de constructions structure le paysage urbain de Cachan et constitue une partie de sa frontière avec la commune précédente ? Des aqueducs
80%
Quel affluent de la Seine, recouvert d'Antony à Paris, est à l'air libre sur une centaine de mètres sur la partie de son cours traversant Cachan ? La Bièvre
80%
Sur laquelle de ces images le château des Arcs apparaît-il ?
67%
De quel département le territoire de Cachan est-il limitrophe ? Des Hauts-de-Seine
67%
Quel Premier ministre français socialiste fut élève dans cette école avant de devenir conseiller municipal de la commune ? Pierre Mauroy
53%
Quel journaliste figure de la Révolution française évoque ses promenades à Cachan avec sa chère Lucile dans une lettre qu'il rédige trois jours avant d'être guillotiné ? Camille Desmoulins
47%
A un élément de quel type de relief la caractérisant Cachan donne-t-elle son nom ? Un coteau
47%
Aucun quiz correspondant
Distribution des résultats
% des personnes avec chaque résultat
Percentile par nombre de réponses
Votre historique - résultats
Vous n’avez pas pris ce quiz